000 00841nam a22002295i 4500
999 _c57426
_d57426
001 21232193
005 20221122165315.0
008 191009s2016 pau 000 0 eng
020 _a9780323555968x
_q
041 _aeng
080 _a616.4 W-69
245 1 0 _aWilliams textbook of endocrinology /
_cShlomo Melmed, Richard J. Auchus, Allison B. Goldfine, Ronald J. Koenig, Clifford J. Rosen.
250 _a13th edition
264 1 _aPhiladelphia :
_bElsevier, Inc,
_c2019.
653 _aენდოკრინოლოგია
653 _aმედიცინა
700 1 _aAuchus, Richard J.,
_eავტორი
_98556
700 1 _aGoldfine, Allison B.,
_eავტორი
_98557
700 1 _aKoenig, Ronald J.,
_eავტორი
_98558
700 1 _aRosen, Clifford J.,
_eავტორი
_98559
942 _2udc
_cBK